| 000 | 00819nam a2200241 a 4500 | ||
|---|---|---|---|
| 001 | 25992 | ||
| 003 | CO-ViMGA | ||
| 005 | 20230915232142.0 | ||
| 008 | 141112s2004 ck r 000 u spa d | ||
| 020 | _a9875910384 | ||
| 040 |
_aCO-ViMGA _bspa _cCO-ViMGA |
||
| 041 | _aspa | ||
| 082 | 0 | 4 | _a616.852 Y67b |
| 100 | 1 |
_aYosifides, Aris. _940569 |
|
| 245 | 1 | 0 |
_aBulimia y anorexia : _bclínica de los trastornos alimentarios / _cAris Yosifides. |
| 260 |
_aCórdoba (Argentina) : _bEditorial Brujas, _c2006. |
||
| 300 | _a108 p. ; 21 cm. | ||
| 504 | _aIncluye bibliografáias. | ||
| 650 | 1 | 4 |
_aAnorexia nerviosa. _925548 |
| 942 |
_2ddc _cBK |
||
| 949 | _an n | ||
| 999 |
_c33226 _d33226 |
||